000 00411nam a22001697a 4500
003 CEME
005 20210628205948.0
008 210202b xxu||||| |||| 00| 0 eng d
040 _c.
082 _a891.4393 NAS
100 _aNasim Hijazi
_91042
245 _aAkhrai chatan
260 _aLAHORE
_bJAHANGIR BOOK
_c2000
300 _a512P
650 _aURDU ADAB-NOVEL-AKHRAI CHATAN.
_977685
942 _cBK
_2ddc
999 _c582908
_d582908